[Event "HUN-ch Rapid 2019"]
[Site "Ajka"]
[Date "2019.07.19"]
[Round "1.10"]
[White "Czebe, Attila"]
[Black "Kovacsy, Barnabas"]
[Result "1-0"]
[WhiteElo "2436"]
[BlackElo "2087"]
[Annotator "ChessBase"]
[PlyCount "209"]
[EventDate "2019.07.18"]
[EventType "swiss"]
[EventCountry "HUN"]
[SourceTitle "playchess.com"]
[Source "ChessBase"]
[SourceQuality "1"]
[TimeControl "1200+5"]

1. Nf3 {[%emt 0:02:24]} Nf6 {[%emt 0:00:02]} 2. g3 {[%emt 0:00:01]} g6 {[%emt 0:00:02]} 3. b3 {[%emt 0:00:04]} Bg7 {[%emt 0:00:14]} 4. Bb2 {[%emt 0:00:02]} O-O {[%emt 0:00:08]} 5. Bg2 {[%emt 0:00:01]} d5 {[%emt 0:00:29]} 6. O-O {[%emt 0:00:05]} c5 {[%emt 0:01:22]} 7. Qc1 {[%emt 0:00:02]} Nc6 {[%emt 0:00:24]} 8. Ne5 {[%emt 0:00:01]} Nxe5 {[%emt 0:00:24]} 9. Bxe5 {[%emt 0:00:03]} Bd7 {[%emt 0:00:00]} 10. c4 {[%emt 0:00:36]} Bc6 {[%emt 0:04:03]} 11. Nc3 {[%emt 0:00:05]} e6 {[%emt 0:01:31]} 12. cxd5 {[%emt 0:00:17]} exd5 {[%emt 0:00:14]} 13. d4 {[%emt 0:00:12]} cxd4 {[%emt 0:01:08]} 14. Bxd4 {[%emt 0:00:05]} Ne4 {[%emt 0:00:16]} 15. Bxg7 {[%emt 0:00:22]} Kxg7 {[%emt 0:00:03]} 16. Nxe4 {[%emt 0:03:14]} dxe4 {[%emt 0:00:03]} 17. Qe3 {[%emt 0:00:01]} Qb6 {[%emt 0:01:19]} 18. Qc3+ {[%emt 0:00:11]} Kg8 {[%emt 0:00:46]} 19. Rfd1 {[%emt 0:00:02]} Rad8 {[%emt 0:01:03]} 20. e3 {[%emt 0:00:55]} Rxd1+ {[%emt 0:00:57]} 21. Rxd1 {[%emt 0:00:02]} Rd8 {[%emt 0:00:22]} 22. Rxd8+ {[%emt 0:00:08]} Qxd8 {[%emt 0:00:02]} 23. Qd4 {[%emt 0:00:08]} Qa5 {[%emt 0:01:45]} 24. a4 {[%emt 0:00:01]} Qd5 {[%emt 0:00:18]} 25. Qxd5 {[%emt 0:00:32]} Bxd5 {[%emt 0:00:02]} 26. b4 {[%emt 0:00:01]} b6 {[%emt 0:00:08]} 27. Kf1 {[%emt 0:00:53]} a5 {[%emt 0:00:09]} 28. bxa5 {[%emt 0:00:01]} bxa5 {[%emt 0:00:01]} 29. Ke1 {[%emt 0:00:02]} Bc6 {[%emt 0:00:24]} 30. Kd2 {[%emt 0:00:01]} f5 {[%emt 0:00:08]} 31. Kc3 {[%emt 0:00:09]} Bxa4 {[%emt 0:00:09]} 32. Bf1 {[%emt 0:00:01]} Kg7 {[%emt 0:00:43]} 33. h4 {[%emt 0:00:07]} Kf6 {[%emt 0:00:08]} 34. Kd4 {[%emt 0:00:16]} Bc2 {[%emt 0:00:29]} 35. Bb5 {[%emt 0:00:04]} h6 {[%emt 0:00:19]} 36. Kc3 {[%emt 0:00:03]} Bd1 {[%emt 0:00:14]} 37. Kd2 {[%emt 0:00:08]} Bf3 {[%emt 0:00:10]} 38. Kc3 {[%emt 0:00:05]} Ke5 {[%emt 0:00:09]} 39. Be8 {[%emt 0:00:10]} g5 {[%emt 0:00:07]} 40. hxg5 {[%emt 0:00:01]} hxg5 {[%emt 0:00:01]} 41. Kc4 {[%emt 0:00:01]} Be2+ {[%emt 0:00:04]} 42. Kc5 {[%emt 0:00:02]} Bd1 {[%emt 0:00:43]} 43. Bd7 {[%emt 0:00:01]} f4 {[%emt 0:00:05]} 44. Kb5 {[%emt 0:01:08]} a4 {[%emt 0:00:44]} 45. Kb4 {[%emt 0:00:03]} fxe3 {[%emt 0:00:17]} 46. fxe3 {[%emt 0:00:01]} Bc2 {[%emt 0:00:42]} 47. Bc6 {[%emt 0:00:10]} Bb3 {[%emt 0:00:13]} 48. Bb5 {[%emt 0:00:15]} Kf5 {[%emt 0:00:28]} 49. Be2 {[%emt 0:00:22]} Bc2 {[%emt 0:00:09]} 50. Bh5 {[%emt 0:00:22]} Bb3 {[%emt 0:00:04]} 51. Ka3 {[%emt 0:00:23]} Bc2 {[%emt 0:00:03]} 52. Be2 {[%emt 0:00:28]} Bb3 {[%emt 0:00:10]} 53. Kb2 {[%emt 0:00:28]} Ke5 {[%emt 0:00:10]} 54. Kc3 {[%emt 0:00:01]} Be6 {[%emt 0:00:03]} 55. Kb4 {[%emt 0:00:02]} Bb3 {[%emt 0:00:03]} 56. Bg4 {[%emt 0:00:03]} Be6 {[%emt 0:00:12]} 57. Bh5 {[%emt 0:00:29]} Bb3 {[%emt 0:00:06]} 58. Bg6 {[%emt 0:00:01]} Bc2 {[%emt 0:00:02]} 59. Be8 {[%emt 0:00:05]} Bb3 {[%emt 0:00:03]} 60. Bd7 {[%emt 0:00:01]} Bc2 {[%emt 0:00:04]} 61. Bg4 {[%emt 0:00:53]} Bb3 {[%emt 0:00:03]} 62. Kc3 {[%emt 0:00:02]} Bd5 {[%emt 0:00:17]} 63. Kb2 {[%emt 0:00:15]} Bc4 {[%emt 0:00:04]} 64. Bd1 {[%emt 0:00:12]} Bd3 {[%emt 0:00:09]} 65. Bxa4 {[%emt 0:00:09]} Be2 {[%emt 0:00:01]} 66. Kc3 {[%emt 0:00:02]} Bg4 {[%emt 0:00:02]} 67. Kc4 {[%emt 0:00:07]} Be2+ {[%emt 0:00:02]} 68. Kc5 {[%emt 0:00:01]} Bg4 {[%emt 0:00:02]} 69. Be8 {[%emt 0:00:08]} Be6 {[%emt 0:00:04]} 70. Kc6 {[%emt 0:00:08]} Bf5 {[%emt 0:00:09]} 71. Bh5 {[%emt 0:00:18]} Be6 {[%emt 0:00:07]} 72. Be2 {[%emt 0:00:02]} Bf5 {[%emt 0:00:06]} 73. Kc7 {[%emt 0:00:13]} Be6 {[%emt 0:00:07]} 74. Kd8 {[%emt 0:00:03]} Kf6 {[%emt 0:00:09]} 75. Bb5 {[%emt 0:00:07]} Kf5 {[%emt 0:00:06]} 76. Ke7 {[%emt 0:00:02]} Bc8 {[%emt 0:00:01]} 77. Be2 {[%emt 0:00:02]} Bb7 {[%emt 0:00:03]} 78. Kf7 {[%emt 0:00:06]} Bd5+ {[%emt 0:00:07]} 79. Kg7 {[%emt 0:00:01]} Be6 {[%emt 0:00:06]} 80. g4+ {[%emt 0:00:04]} Ke5 {[%emt 0:00:01]} 81. Kg6 {[%emt 0:00:00]} Kd5 {[%emt 0:00:06]} 82. Kxg5 {[%emt 0:00:02]} Ke5 {[%emt 0:00:00]} 83. Bb5 {[%emt 0:00:05]} Bc8 {[%emt 0:00:08]} 84. Be8 {[%emt 0:00:01]} Be6 {[%emt 0:00:01]} 85. Bg6 {[%emt 0:00:02]} Bd7 {[%emt 0:00:04]} 86. Bf5 {[%emt 0:00:02]} Be8 {[%emt 0:00:03]} 87. Kh4 {[%emt 0:00:06]} Bc6 {[%emt 0:00:15]} 88. Kg3 {[%emt 0:00:02]} Bb7 {[%emt 0:00:03]} 89. Bd7 {[%emt 0:00:04]} Bd5 {[%emt 0:00:02]} 90. g5 {[%emt 0:00:05]} Bf7 {[%emt 0:00:06]} 91. Kh4 {[%emt 0:00:07]} Bg6 {[%emt 0:00:04]} 92. Kg4 {[%emt 0:00:01]} Bf7 {[%emt 0:00:14]} 93. Bf5 {[%emt 0:00:04]} Be8 {[%emt 0:00:05]} 94. Bh7 {[%emt 0:00:11]} Bc6 {[%emt 0:00:02]} 95. Kh5 {[%emt 0:00:04]} Be8+ {[%emt 0:00:05]} 96. Kh6 {[%emt 0:00:02]} Kd5 {[%emt 0:00:07]} 97. g6 {[%emt 0:00:18]} Kc4 {[%emt 0:00:07]} 98. g7 {[%emt 0:00:02]} Bf7 {[%emt 0:00:01]} 99. Bxe4 {[%emt 0:00:02]} Kc3 {[%emt 0:00:01]} 100. Bg6 {[%emt 0:00:08]} Bg8 {[%emt 0:00:01]} 101. Kg5 {[%emt 0:00:01]} Kc4 {[%emt 0:00:02]} 102. Kf6 {[%emt 0:00:03]} Kc5 {[%emt 0:00:01]} 103. e4 {[%emt 0:00:01]} Kc6 {[%emt 0:00:01]} 104. e5 {[%emt 0:00:01]} Kd7 {[%emt 0:00:01]} 105. e6+ 1-0

[Event "HUN-ch Rapid 2019"]
[Site "Ajka"]
[Date "2019.07.19"]
[Round "1.11"]
[White "Juhasz, Judit"]
[Black "Vertetics, Attila"]
[Result "0-1"]
[WhiteElo "2050"]
[BlackElo "2438"]
[Annotator "TA"]
[PlyCount "78"]
[EventDate "2019.07.18"]
[EventType "swiss"]
[EventCountry "HUN"]
[SourceTitle "playchess.com"]
[Source "ChessBase"]
[SourceQuality "1"]

{[%evp 9,78,-7,0,-3,0,-5,-7,-4,-6,-6,0,-12,25,0,8,0,12,0,2,0,0,0,2,5,5,0,27,-16,-9,-11,0,-46,-8,-36,-37,-57,-42,-49,-39,-54,0,0,181,0,0,0,0,0,0,0,0,-106,-78,-107,-69,-66,-69,-69,-76,-75,-68,-147,-129,-131,-124,-125,-128,-129,143,-976,-970]} 1. e4 c6 2. d4 d5 3. e5 Bf5 4. h4 a6 (4... h5 5. Bd3 Bxd3 6. Qxd3 e6 7. Bg5 Be7 8. Nf3 Nh6 9. Nbd2 Nf5 10. Nf1 Qa5+ 11. c3 Qa6 12. Qd2 Nd7 13. Ng3 Nxg3 14. fxg3 f6 {½-½ (72) Inarkiev,E (2693)-Tomashevsky,E (2705) St Petersburg 2018}) 5. Bd3 Bxd3 6. Qxd3 {B12: Caro-Kann: Advance Variation} e6 7. Nf3 $146 ({Predecessor:} 7. Ne2 c5 8. c3 Nc6 9. Nd2 Rc8 10. a3 cxd4 11. cxd4 Nge7 12. Nf3 {0-1 (67) Das Chagas,D (1952)-Borges,V (2170) Pirai do Sul 2017}) 7... c5 8. c3 {The position is equal.} Nc6 9. a3 Rc8 10. O-O Qb6 11. dxc5 Bxc5 12. b4 Bf8 13. Re1 Nge7 14. Be3 Qc7 15. Bc5 Nf5 16. Bxf8 $1 Kxf8 17. Nbd2 h5 18. Nb3 g6 19. Rac1 Kg7 20. Nc5 Rhd8 21. Qd2 b6 22. Nxa6 Qb7 (22... Qa7 $5 {[%cal Ra7a6]} 23. b5 Na5 $11) 23. b5 Na5 24. Qg5 Nc4 (24... Qe7 $15 25. Qxe7 Nxe7) 25. Nd4 Nxa3 $2 {[#]} (25... Nxd4 $1 $11 26. cxd4 Nxa3) 26. Qf6+ $2 (26. Nxf5+ $1 $18 exf5 27. Qf6+ Kh6 28. e6) 26... Kh7 $11 27. Nxf5 $1 gxf5 28. Qg5 Rg8 29. Qxh5+ Kg7 30. Qe2 (30. Nb4 $11 {remains equal.}) 30... Kf8 31. f3 Qd7 32. Qb2 Nc4 33. Qf2 $1 Qxb5 34. Nb4 Qc5 {Strongly threatening ...Nd2.} 35. Nc2 ({White should try} 35. Nd3 $15 Qxf2+ 36. Kxf2) 35... Nb2 36. Nb4 Rh8 $40 {[%mdl 128] Black wants a kill.} 37. g3 {[#]} f4 $1 {[%mdl 512] And now ...fxg3 would win.} 38. Kg2 (38. gxf4 Rg8+) 38... fxg3 $4 {[%mdl 8192]} (38... Qxf2+ $17 39. Kxf2 fxg3+ 40. Kxg3 Na4) 39. Qxg3 $2 {[%mdl 8192]} (39. Qxb2 $16 Rxh4 40. Kxg3) 39... Rg8 {Accuracy: White = 30%, Black = 52%.} 0-1

[Event "HUN-ch Rapid 2019"]
[Site "Ajka"]
[Date "2019.07.19"]
[Round "1.12"]
[White "Aczel, Gergely"]
[Black "Udvardi, Zalan"]
[Result "1-0"]
[WhiteElo "2540"]
[BlackElo "2193"]
[Annotator "TA"]
[PlyCount "62"]
[EventDate "2019.07.18"]
[EventType "swiss"]
[EventCountry "HUN"]
[SourceTitle "playchess.com"]
[Source "ChessBase"]
[SourceQuality "1"]

{[%evp 20,62,50,44,54,54,66,57,57,55,64,41,67,64,107,129,117,112,129,110,116,115,93,105,147,143,152,140,156,146,260,245,759,458,440,456,436,285,509,504,1246,1281,5701,5473,2164]} 1. d4 Nf6 2. c4 c5 3. d5 e6 4. Nc3 exd5 5. cxd5 d6 6. e4 g6 7. Bd3 Bg7 8. h3 O-O 9. Bg5 h6 10. Be3 Re8 11. Nf3 Na6 {A65: Modern Benoni: 6 e4} 12. O-O Nc7 13. a4 Na6 {[#] White is slightly better.} 14. Nd2 $146 ({Predecessor:} 14. Re1 Nb4 15. Bb5 Bd7 16. e5 dxe5 17. Bxc5 Bxb5 18. Nxb5 Na6 19. Bd6 {1-0 (34) Hracek,Z (2635)-Rezan,S (2456) Bol 2013}) 14... Nb4 15. Be2 b6 16. Bf4 Ba6 17. Bxa6 Nxa6 18. Re1 Nb4 19. Nc4 Bf8 20. Qd2 a6 21. Rad1 Kh7 22. e5 dxe5 23. Rxe5 Rxe5 24. Nxe5 Qe8 (24... Nh5 $16 {was called for.}) 25. Re1 {[%cal Bd1e1,Be1e7,Be7f7][%mdl 32]} Rd8 $2 {[#]} (25... g5) 26. Nxg6 Qd7 27. Nxf8+ Rxf8 28. d6 Rg8 $2 (28... Qf5 29. Bxh6 Rg8) 29. Re7 $18 {White is clearly winning.} Qxh3 (29... Qf5 $142 30. Rxf7+ Kg6) 30. Rxf7+ {[%mdl 64] [#] Double Attack} Kh8 31. Bg3 Qh5 {Accuracy: White = 96%, Black = 39%.} 1-0

[Event "HUN-ch Rapid 2019"]
[Site "Ajka"]
[Date "2019.07.19"]
[Round "1.13"]
[White "Csiszar, Viktoria"]
[Black "Horvath, Adam"]
[Result "0-1"]
[WhiteElo "1958"]
[BlackElo "2517"]
[Annotator "ChessBase"]
[PlyCount "52"]
[EventDate "2019.07.18"]
[EventType "swiss"]
[EventCountry "HUN"]
[SourceTitle "playchess.com"]
[Source "ChessBase"]
[SourceQuality "1"]
[TimeControl "1200+5"]

1. e4 {[%emt 0:00:05]} c5 {[%emt 0:00:01]} 2. Nc3 {[%emt 0:00:03]} Nc6 {[%emt 0:00:03]} 3. g3 {[%emt 0:00:09]} g6 {[%emt 0:00:08]} 4. Bg2 {[%emt 0:00:03]} Bg7 {[%emt 0:00:01]} 5. d3 {[%emt 0:00:07]} e6 {[%emt 0:00:02]} 6. f4 {[%emt 0:00:12]} Nge7 {[%emt 0:00:03]} 7. Nf3 {[%emt 0:00:05]} d5 {[%emt 0:00:16]} 8. O-O {[%emt 0:00:38]} a6 {[%emt 0:00:12]} 9. Kh1 {[%emt 0:02:34]} b5 {[%emt 0:00:09]} 10. f5 {[%emt 0:04:45]} gxf5 {[%emt 0:00:58]} 11. exd5 {[%emt 0:00:28]} exd5 {[%emt 0:00:18]} 12. Ng5 {[%emt 0:03:07]} h6 {[%emt 0:00:28]} 13. Qe2 {[%emt 0:03:30]} Nd4 {[%emt 0:00:59]} 14. Qd2 {[%emt 0:01:46]} hxg5 {[%emt 0:00:08]} 15. Qxg5 {[%emt 0:00:06]} Ne6 {[%emt 0:00:03]} 16. Qd2 {[%emt 0:00:22]} Bb7 {[%emt 0:00:01]} 17. Qf2 {[%emt 0:00:50]} Qd7 {[%emt 0:00:13]} 18. a4 {[%emt 0:00:32]} b4 {[%emt 0:00:03]} 19. Ne2 {[%emt 0:00:02]} O-O-O {[%emt 0:00:29]} 20. c3 {[%emt 0:00:05]} b3 {[%emt 0:01:07]} 21. Ra3 {[%emt 0:00:02]} c4 {[%emt 0:00:33]} 22. Qa7 {[%emt 0:00:45]} Nc6 {[%emt 0:00:29]} 23. Qb6 {[%emt 0:00:17]} Bf8 {[%emt 0:00:06]} 24. dxc4 {[%emt 0:00:21]} dxc4 {[%emt 0:00:09]} 25. Be3 {[%emt 0:00:12]} Bxa3 {[%emt 0:00:24]} 26. bxa3 {[%emt 0:00:04]} Qc7 {[%emt 0:00:02]} 0-1

[Event "HUN-ch Rapid 2019"]
[Site "Ajka"]
[Date "2019.07.19"]
[Round "1.14"]
[White "Mihok, Oliver"]
[Black "Pais, Nimrod"]
[Result "1-0"]
[WhiteElo "2550"]
[BlackElo "1906"]
[Annotator "ChessBase"]
[PlyCount "40"]
[EventDate "2019.07.18"]
[EventType "swiss"]
[EventCountry "HUN"]
[SourceTitle "playchess.com"]
[Source "ChessBase"]
[SourceQuality "1"]
[TimeControl "1200+5"]

1. e4 {[%emt 0:00:04]} e6 {[%emt 0:00:03]} 2. d4 {[%emt 0:00:04]} d5 {[%emt 0:00:02]} 3. Nc3 {[%emt 0:00:01]} dxe4 {[%emt 0:00:03]} 4. Nxe4 {[%emt 0:00:02]} Bd7 {[%emt 0:00:02]} 5. Nf3 {[%emt 0:00:41]} Bc6 {[%emt 0:00:06]} 6. Bd3 {[%emt 0:00:03]} Nd7 {[%emt 0:00:11]} 7. c3 {[%emt 0:00:08]} Be7 {[%emt 0:00:41]} 8. O-O {[%emt 0:00:57]} Ngf6 {[%emt 0:00:06]} 9. Nxf6+ {[%emt 0:00:03]} Bxf6 {[%emt 0:00:48]} 10. Bf4 {[%emt 0:00:18]} O-O {[%emt 0:00:37]} 11. Re1 {[%emt 0:00:35]} h6 {[%emt 0:01:00]} 12. Bc2 {[%emt 0:00:27]} Bg5 {[%emt 0:02:04]} 13. Nxg5 {[%emt 0:00:38]} hxg5 {[%emt 0:00:07]} 14. Qh5 {[%emt 0:00:02]} Nf6 {[%emt 0:00:18]} 15. Qxg5 {[%emt 0:00:06]} Qd5 {[%emt 0:00:58]} 16. Re5 {[%emt 0:01:39]} Qd8 {[%emt 0:00:03]} 17. Qh4 {[%emt 0:00:25]} Re8 {[%emt 0:00:47]} 18. Bg5 {[%emt 0:00:56]} b5 {[%emt 0:03:13]} 19. Rae1 {[%emt 0:00:07]} Bd5 {[%emt 0:00:47]} 20. R1e3 {[%emt 0:00:13]} Re7 {[%emt 0:05:02]} 1-0

[Event "HUN-ch Rapid 2019"]
[Site "Ajka"]
[Date "2019.07.19"]
[Round "1.15"]
[White "Guzs, Laszlo"]
[Black "Horvath, Peter"]
[Result "0-1"]
[WhiteElo "1945"]
[BlackElo "2418"]
[Annotator "NA"]
[PlyCount "50"]
[EventDate "2019.07.18"]
[EventType "swiss"]
[EventCountry "HUN"]
[SourceTitle "playchess.com"]
[Source "ChessBase"]
[SourceQuality "1"]
[TimeControl "1200+5"]

1. d4 {[%emt 0:00:05]} d5 {[%emt 0:00:05]} 2. Nf3 {[%emt 0:00:05]} Nf6 {[%emt 0:00:05]} 3. g3 {[%emt 0:00:08]} e6 {[%emt 0:00:37]} 4. Bg2 {[%emt 0:00:03]} c5 {[%emt 0:00:20]} 5. O-O {[%emt 0:00:04]} Nc6 {[%emt 0:00:07]} 6. c4 {[%emt 0:01:20]} Be7 {[%emt 0:00:19]} 7. cxd5 {[%emt 0:00:37]} exd5 {[%emt 0:00:04]} 8. Nc3 {[%emt 0:00:10]} O-O {[%emt 0:00:16]} 9. h3 {[%emt 0:00:25]} c4 {[%emt 0:00:58]} 10. Ne5 {[%emt 0:00:54]} Be6 {[%emt 0:01:07]} 11. Be3 {[%emt 0:03:16]} Bb4 {[%emt 0:01:45]} 12. Qa4 {[%emt 0:01:03]} Bxc3 {[%emt 0:00:34]} 13. Nxc6 {[%emt 0:00:31]} bxc6 {[%emt 0:00:03]} 14. bxc3 {[%emt 0:00:02]} Qd7 {[%emt 0:00:18]} 15. Bg5 {[%emt 0:01:21]} Ne4 {[%emt 0:01:07]} 16. Bxe4 {[%emt 0:00:28]} dxe4 {[%emt 0:00:03]} 17. h4 {[%emt 0:01:13]} Bd5 {[%emt 0:00:33]} 18. e3 {[%emt 0:00:26]} h6 {[%emt 0:04:57]} 19. Bf4 {[%emt 0:00:02]} Qh3 {[%emt 0:00:41]} 20. Rfb1 {[%emt 0:02:41]} g5 {[%emt 0:00:02]} 21. hxg5 {[%emt 0:00:21]} hxg5 {[%emt 0:00:01]} 22. Bxg5 {[%emt 0:00:47]} Kg7 {[%emt 0:00:03]} 23. Qd1 {[%emt 0:00:24]} Rh8 {[%emt 0:00:04]} 24. Bh4 {[%emt 0:00:05]} Rxh4 {[%emt 0:00:08]} 25. gxh4 {[%emt 0:00:01]} Rg8 {[%emt 0:00:02]} 0-1

[Event "HUN-ch Rapid 2019"]
[Site "Ajka"]
[Date "2019.07.19"]
[Round "1.16"]
[White "Videki, Sandor"]
[Black "Pasti, Aron"]
[Result "1-0"]
[WhiteElo "2401"]
[BlackElo "2209"]
[Annotator "ChessBase"]
[PlyCount "129"]
[EventDate "2019.07.18"]
[EventType "swiss"]
[EventCountry "HUN"]
[SourceTitle "playchess.com"]
[Source "ChessBase"]
[SourceQuality "1"]
[TimeControl "1200+5"]

1. e4 {[%emt 0:00:04]} e5 {[%emt 0:00:01]} 2. Nf3 {[%emt 0:00:01]} Nc6 {[%emt 0:00:01]} 3. Nc3 {[%emt 0:00:01]} g6 {[%emt 0:00:01]} 4. d4 {[%emt 0:00:11]} exd4 {[%emt 0:00:01]} 5. Nxd4 {[%emt 0:00:02]} Bg7 {[%emt 0:00:02]} 6. Be3 {[%emt 0:00:31]} Nf6 {[%emt 0:00:02]} 7. Nxc6 {[%emt 0:00:10]} bxc6 {[%emt 0:00:01]} 8. e5 {[%emt 0:00:13]} Ng8 {[%emt 0:00:00]} 9. f4 {[%emt 0:00:12]} Ne7 {[%emt 0:00:02]} 10. Bc4 {[%emt 0:01:27]} d5 {[%emt 0:01:52]} 11. exd6 {[%emt 0:02:05]} cxd6 {[%emt 0:00:23]} 12. Bd4 {[%emt 0:00:44]} O-O {[%emt 0:02:10]} 13. Bxg7 {[%emt 0:00:02]} Kxg7 {[%emt 0:00:02]} 14. Qd4+ {[%emt 0:00:05]} f6 {[%emt 0:00:01]} 15. O-O-O {[%emt 0:00:11]} d5 {[%emt 0:01:24]} 16. Bb3 {[%emt 0:01:00]} Qc7 17. Rhe1 {[%emt 0:00:27]} Bb7 {[%emt 0:02:34]} 18. Na4 {[%emt 0:00:34]} Nf5 {[%emt 0:02:31]} 19. Qf2 {[%emt 0:00:33]} Rae8 {[%emt 0:03:14]} 20. g3 {[%emt 0:00:23]} Bc8 {[%emt 0:00:22]} 21. Rd2 {[%emt 0:00:49]} Nd6 {[%emt 0:00:48]} 22. Nc5 {[%emt 0:00:13]} Bg4 {[%emt 0:01:57]} 23. Rd3 {[%emt 0:01:31]} Rxe1+ {[%emt 0:02:04]} 24. Qxe1 {[%emt 0:00:01]} Re8 {[%emt 0:00:00]} 25. Re3 {[%emt 0:00:09]} Rxe3 {[%emt 0:00:02]} 26. Qxe3 {[%emt 0:00:01]} Kf7 {[%emt 0:00:01]} 27. c3 Qe7 {[%emt 0:00:24]} 28. Qxe7+ {[%emt 0:02:35]} Kxe7 {[%emt 0:00:01]} 29. Kd2 {[%emt 0:00:39]} Nf5 {[%emt 0:00:34]} 30. Ba4 {[%emt 0:00:28]} Kd6 {[%emt 0:00:43]} 31. b4 {[%emt 0:00:20]} h5 {[%emt 0:00:45]} 32. Nb7+ {[%emt 0:00:05]} Kc7 {[%emt 0:00:04]} 33. Na5 {[%emt 0:00:02]} Ne7 {[%emt 0:00:25]} 34. Nb3 {[%emt 0:00:27]} Nf5 {[%emt 0:00:07]} 35. Nd4 {[%emt 0:00:11]} Nxd4 {[%emt 0:00:03]} 36. cxd4 {[%emt 0:00:01]} a6 {[%emt 0:00:11]} 37. Bc2 {[%emt 0:00:03]} g5 {[%emt 0:00:01]} 38. Ke3 {[%emt 0:00:31]} Kd6 {[%emt 0:00:08]} 39. fxg5 {[%emt 0:00:35]} fxg5 {[%emt 0:00:01]} 40. h4 {[%emt 0:00:01]} gxh4 {[%emt 0:00:04]} 41. gxh4 {[%emt 0:00:01]} Kc7 {[%emt 0:00:10]} 42. Bd3 {[%emt 0:00:09]} Kb6 {[%emt 0:00:01]} 43. a3 {[%emt 0:00:41]} a5 {[%emt 0:00:05]} 44. Kf4 {[%emt 0:00:04]} axb4 {[%emt 0:00:00]} 45. axb4 {[%emt 0:00:01]} Bd1 {[%emt 0:00:16]} 46. Ke5 {[%emt 0:00:05]} Bg4 {[%emt 0:00:02]} 47. Kd6 {[%emt 0:00:05]} Bd1 {[%emt 0:00:05]} 48. Bg6 {[%emt 0:00:33]} Kb5 {[%emt 0:00:01]} 49. Be8 {[%emt 0:00:01]} Kxb4 {[%emt 0:00:03]} 50. Bxc6 Kc4 {[%emt 0:00:02]} 51. Ke5 {[%emt 0:00:02]} Bf3 {[%emt 0:00:01]} 52. Be8 {[%emt 0:00:04]} Bg4 {[%emt 0:00:09]} 53. Bg6 {[%emt 0:00:03]} Bf3 {[%emt 0:00:06]} 54. Bf7 {[%emt 0:00:01]} Kd3 {[%emt 0:00:04]} 55. Bxd5 {[%emt 0:00:02]} Bd1 {[%emt 0:00:15]} 56. Bf7 {[%emt 0:00:08]} Ke3 {[%emt 0:00:01]} 57. d5 {[%emt 0:00:24]} Bg4 {[%emt 0:00:05]} 58. Be6 {[%emt 0:00:08]} Bd1 {[%emt 0:00:01]} 59. d6 {[%emt 0:00:01]} Ba4 {[%emt 0:00:02]} 60. Bf7 {[%emt 0:00:07]} Kf3 {[%emt 0:00:01]} 61. Kf5 {[%emt 0:00:05]} Bd7+ {[%emt 0:00:10]} 62. Kg5 {[%emt 0:00:00]} Ke4 {[%emt 0:00:01]} 63. Kf6 {[%emt 0:00:08]} Kf4 {[%emt 0:00:00]} 64. Bxh5 {[%emt 0:00:11]} Kg3 {[%emt 0:00:01]} 65. Kg5 {[%emt 0:00:01]} 1-0

[Event "HUN-ch Rapid 2019"]
[Site "Ajka"]
[Date "2019.07.19"]
[Round "1.17"]
[White "Losonczi, Marcell"]
[Black "Farago, Ivan"]
[Result "0-1"]
[WhiteElo "2276"]
[BlackElo "2350"]
[Annotator "ChessBase"]
[PlyCount "90"]
[EventDate "2019.07.18"]
[EventType "swiss"]
[EventCountry "HUN"]
[SourceTitle "playchess.com"]
[Source "ChessBase"]
[SourceQuality "1"]
[TimeControl "1200+5"]

1. e4 {[%emt 0:00:05]} e6 {[%emt 0:00:01]} 2. d4 {[%emt 0:00:05]} d5 {[%emt 0:00:02]} 3. Nc3 {[%emt 0:00:05]} Bb4 {[%emt 0:00:02]} 4. e5 {[%emt 0:00:07]} c5 {[%emt 0:00:02]} 5. a3 {[%emt 0:00:14]} Bxc3+ {[%emt 0:00:03]} 6. bxc3 {[%emt 0:00:03]} Qa5 {[%emt 0:00:12]} 7. Bd2 {[%emt 0:00:33]} Qa4 {[%emt 0:00:02]} 8. Nf3 {[%emt 0:00:34]} Ne7 {[%emt 0:00:11]} 9. Be2 {[%emt 0:02:44]} b6 {[%emt 0:00:19]} 10. O-O {[%emt 0:01:46]} Ba6 {[%emt 0:00:02]} 11. Bg5 {[%emt 0:00:50]} Nbc6 {[%emt 0:00:31]} 12. dxc5 {[%emt 0:03:21]} bxc5 {[%emt 0:00:02]} 13. Be3 {[%emt 0:00:05]} Bxe2 {[%emt 0:00:46]} 14. Qxe2 {[%emt 0:00:02]} Qa5 {[%emt 0:00:05]} 15. c4 {[%emt 0:01:08]} d4 {[%emt 0:00:17]} 16. Bf4 {[%emt 0:00:53]} O-O {[%emt 0:00:12]} 17. Nd2 {[%emt 0:00:19]} Ng6 {[%emt 0:02:10]} 18. Bg3 {[%emt 0:00:16]} Qc7 {[%emt 0:00:03]} 19. Rfe1 {[%emt 0:00:28]} Nce7 {[%emt 0:00:10]} 20. Ne4 {[%emt 0:01:47]} Nf5 {[%emt 0:00:09]} 21. Nd6 {[%emt 0:00:07]} Nxg3 {[%emt 0:01:26]} 22. hxg3 {[%emt 0:00:02]} f6 {[%emt 0:00:02]} 23. Nb5 {[%emt 0:00:34]} Qc6 {[%emt 0:01:09]} 24. exf6 {[%emt 0:02:35]} a6 {[%emt 0:00:53]} 25. Qxe6+ {[%emt 0:00:30]} Qxe6 {[%emt 0:00:03]} 26. Rxe6 {[%emt 0:00:02]} axb5 {[%emt 0:00:02]} 27. fxg7 {[%emt 0:00:03]} Rfb8 {[%emt 0:00:43]} 28. cxb5 {[%emt 0:00:43]} Rxb5 {[%emt 0:00:05]} 29. f4 {[%emt 0:00:02]} Kxg7 {[%emt 0:00:21]} 30. f5 {[%emt 0:00:17]} Nf8 {[%emt 0:00:02]} 31. Rc6 {[%emt 0:00:12]} Re8 {[%emt 0:00:19]} 32. Kf2 {[%emt 0:00:46]} Re5 {[%emt 0:00:56]} 33. g4 {[%emt 0:00:39]} Rb2 {[%emt 0:00:01]} 34. Kg3 {[%emt 0:00:39]} Rxc2 {[%emt 0:00:09]} 35. Kf4 {[%emt 0:00:04]} Ree2 {[%emt 0:00:58]} 36. Rb1 {[%emt 0:00:07]} Rb2 {[%emt 0:03:15]} 37. Rc1 {[%emt 0:00:08]} Rf2+ {[%emt 0:01:05]} 38. Kg5 {[%emt 0:00:04]} h6+ {[%emt 0:00:07]} 39. Rxh6 {[%emt 0:00:05]} Nh7+ {[%emt 0:00:02]} 40. Kh5 {[%emt 0:00:02]} Nf6+ {[%emt 0:00:41]} 41. Kg5 {[%emt 0:00:02]} Ne4+ {[%emt 0:00:04]} 42. Kh5 {[%emt 0:00:02]} Rxg2 {[%emt 0:00:12]} 43. Rg6+ {[%emt 0:00:03]} Kf7 {[%emt 0:00:01]} 44. g5 {[%emt 0:00:06]} Ng3+ {[%emt 0:01:24]} 45. Kg4 {[%emt 0:00:06]} Nxf5+ {[%emt 0:00:03]} 0-1